Modelling urban commercial property yields (Record no. 80045)
[ view plain ]
| 000 -LEADER | |
|---|---|
| fixed length control field | 01102cab a22002175a 4500 |
| 001 - CONTROL NUMBER | |
| control field | L143056 |
| 008 - FIXED-LENGTH DATA ELEMENTS--GENERAL INFORMATION | |
| fixed length control field | 080404s2008 xxkd f s 000 0 eng d |
| 035 ## - SYSTEM CONTROL NUMBER | |
| System control number | (Sirsi) u143056 |
| 041 0# - LANGUAGE CODE | |
| Language code of text/sound track or separate title | eng |
| 100 1# - MAIN ENTRY--PERSONAL NAME | |
| Personal name | Dunse, Neil |
| 245 00 - TITLE STATEMENT | |
| Title | Modelling urban commercial property yields |
| Remainder of title | exogenous and endogenous influences |
| 260 ## - PUBLICATION, DISTRIBUTION, ETC. | |
| Date of publication, distribution, etc. | 2008 |
| 490 #0 - SERIES STATEMENT | |
| Series statement | Journal of Property Research |
| Volume/sequential designation | 24(4) 2008, 313-314(22) |
| 520 ## - SUMMARY, ETC. | |
| Summary, etc. | Argues that increased weight of money into commercial property since 2000 has led to a convergence of UK provincial city office yields. Reviews the concept of property yield cycle and the idea of a city risk premium. Considers factors impacting on urban office yields. Examines the trends in office yields in the main UK provincial office centres over a twenty year span. Finds that there are some local or fixed effects on yields in the short term but not in the long term. |
| 590 ## - LOCAL NOTE (RLIN) | |
| Local note | KA |
| 651 #4 - SUBJECT ADDED ENTRY--GEOGRAPHIC NAME | |
| Geographic name | United Kingdom |
| Chronological subdivision | |
| 690 ## - LOCAL SUBJECT ADDED ENTRY--TOPICAL TERM (OCLC, RLIN) | |
| Topical term or geographic name as entry element | PROPERTY-COMMERCIAL PROPERTY-COMMERCIAL PROPERTY FINANCE AND INVESTMENT |
| 700 1# - ADDED ENTRY--PERSONAL NAME | |
| Personal name | Sumita, Kazuto |
| 700 1# - ADDED ENTRY--PERSONAL NAME | |
| Personal name | Seko, Miki |
| 942 ## - ADDED ENTRY ELEMENTS (KOHA) | |
| Suppress in OPAC | 0 |
| Withdrawn status | Lost status | Source of classification or shelving scheme | Damaged status | Not for loan | Home library | Current library | Shelving location | Date acquired | Total Checkouts | Full call number | Barcode | Date last seen | Copy number | Price effective from | Koha item type |
|---|---|---|---|---|---|---|---|---|---|---|---|---|---|---|---|
| Dewey Decimal Classification | London | London | Journal article | 21/04/2008 | L143056 | 143056-1001 | 06/08/2019 | 1 | 06/08/2019 | Journal article |